Statistiken für Ski Alpin Gesamtweltcupsieger (Herren)

Klicken Sie hier um das Quiz zu spielen!

Allgemein

  • Dieses Quiz wurde 769 mal gespielt
    (474 seit der letzten Aktualisierung)
  • Das Durchschnittsergebnis liegt bei 27 aus 56

Antwortstatistiken

JahrNationalitätGewinner% Korrekt
2013/14ÖsterreichMarcel Hirscher
96%
2018/19ÖsterreichMarcel Hirscher
96%
2017/18ÖsterreichMarcel Hirscher
96%
2016/17ÖsterreichMarcel Hirscher
96%
2015/16ÖsterreichMarcel Hirscher
96%
2014/15ÖsterreichMarcel Hirscher
96%
2011/12ÖsterreichMarcel Hirscher
96%
2012/13ÖsterreichMarcel Hirscher
96%
2021/22SchweizMarco Odermatt
83%
2000/01ÖsterreichHermann Maier
75%
2003/04ÖsterreichHermann Maier
75%
1999/00ÖsterreichHermann Maier
75%
1997/98ÖsterreichHermann Maier
75%
2019/20NorwegenAleksander Aamodt Kilde
71%
2007/08USABode Miller
63%
2004/05USABode Miller
63%
2008/09NorwegenAksel Lund Svindal
62%
2006/07NorwegenAksel Lund Svindal
62%
2020/21FrankreichAlexis Pinturault
60%
2010/11KroatienIvica Kostelic
59%
1976/77SchwedenIngemar Stenmark
55%
1975/76SchwedenIngemar Stenmark
55%
1977/78SchwedenIngemar Stenmark
55%
1994/95ItalienAlberto Tomba
50%
2005/06ÖsterreichBenjamin Raich
46%
2002/03ÖsterreichStephan Eberharter
44%
2001/02ÖsterreichStephan Eberharter
44%
1990/91LuxemburgMarc Girardelli
38%
1988/89LuxemburgMarc Girardelli
38%
1985/86LuxemburgMarc Girardelli
38%
1984/85LuxemburgMarc Girardelli
38%
1992/93LuxemburgMarc Girardelli
38%
1989/90SchweizPirmin Zurbriggen
38%
1986/87SchweizPirmin Zurbriggen
38%
1983/84SchweizPirmin Zurbriggen
38%
1987/88SchweizPirmin Zurbriggen
38%
2009/10SchweizCarlo Janka
36%
1993/94NorwegenKjetil Andre Aamodt
35%
1995/96NorwegenLasse Kjus
31%
1998/99NorwegenLasse Kjus
31%
1968FrankreichJean-Claude Killy
24%
1967FrankreichJean-Claude Killy
24%
1972/73ItalienGustav Thöni
20%
1974/75ItalienGustav Thöni
20%
1971/72ItalienGustav Thöni
20%
1970/71ItalienGustav Thöni
20%
1996/97FrankreichLuc Alphand
20%
1979/80LiechtensteinAndreas Wenzel
18%
1969/70ÖsterreichKarl Schranz
17%
1968/69ÖsterreichKarl Schranz
17%
1982/83USAPhil Mahre
16%
1981/82USAPhil Mahre
16%
1980/81USAPhil Mahre
16%
1991/92SchweizPaul Accola
14%
1973/74ItalienPiero Gros
8%
1978/79SchweizPeter Lüscher
5%

Verteilung der Resultate

Perzentil nach korrekt beantworteten Fragen

Anzahl Personen mit jedem Resultat

Ihre Resultats-Entwicklung

Sie haben dieses Quiz seit der letzten Aktualisierung nicht gespielt